00459nam a2200181 a 4500001001300000003000900013005001700022008004100039020001000080082001500090245002600105260004600131300000900177500003500186505001000221650001600231710003000247nice12345678IN_TiNIC20260116012126.0050524s1876 luca grp 000 0 urd  ac10000a239.9bMET aMojizat-E-Haq-O-Batil aLucknowbMethodist Publishing Housec1876 a168p aincludes index and biblioraphy2 aIndex aApologetics2 aMethodis Publishing House